|
|
|
|
| LEADER |
00000nab a2200000 a 4500 |
| 001 |
vtls010179110 |
| 003 |
SK-MaSNL |
| 005 |
20260305003136.0 |
| 008 |
101014c2008 xo r m 000 00slo |
| 015 |
|
|
|a SNBRA2010/10SVKPO
|
| 038 |
|
|
|a SVKPO
|
| 040 |
|
|
|a SVKPOCL
|c slo
|e AACR2
|
| 041 |
0 |
|
|a slo
|
| 044 |
|
|
|a xo
|c SK
|
| 080 |
|
|
|a 81'342.1
|2 2001
|
| 080 |
|
|
|a 621.391:612.789
|2 2001
|
| 080 |
|
|
|a 517.443
|2 2001
|
| 100 |
1 |
|
|a Zimmermann, Július,
|d 1941-
|4 aut
|
| 245 |
1 |
0 |
|a Analýza spektra a analýza zmien rečového signálu
|c Július Zimmermann
|
| 300 |
|
|
|a Schémy.
|
| 504 |
|
|
|a Bibliogr. odkazy
|
| 546 |
|
|
|a Res. angl.
|
| 650 |
0 |
7 |
|a fonetická akustika
|2 svkpocl
|9 1579819
|
| 650 |
0 |
7 |
|a rečové signály
|2 svkpocl
|9 69423
|
| 650 |
0 |
7 |
|a Fourierova transformácia
|2 svkpocl
|9 69424
|
| 650 |
0 |
7 |
|a spektrografická analýza
|2 svkpocl
|9 1540839
|
| 773 |
0 |
|
|t Výraz a význam v jazyku
|d Prešov : Filozofická fakulta Prešovskej univerzity, 2008
|g S. 475-479
|z 9788080689070
|
| 852 |
|
|
|a SVKPO
|b KIS3GCP
|
| 958 |
|
|
|a SK
|
| 958 |
|
|
|a NB
|
| 999 |
|
|
|c 3228751
|d 3230681
|